[Event "GER-chT North U12"]
[Site "Magdeburg"]
[Date "2012.09.06"]
[Round "1.4"]
[White "Kringel, William"]
[Black "Menges, Maro Pascal"]
[Result "0-1"]
[WhiteElo "807"]
[BlackElo "1040"]
[PlyCount "120"]
[EventDate "2012.09.06"]
[EventType "team-swiss"]
[EventRounds "7"]
[EventCountry "GER"]
[SourceTitle "EXT 2015"]
[Source "ChessBase"]
[SourceDate "2014.11.20"]
[SourceVersion "1"]
[SourceVersionDate "2014.11.20"]
[SourceQuality "1"]
[WhiteTeam "Rostock"]
[BlackTeam "Ruedersdorf"]
[WhiteTeamCountry "GER"]
[BlackTeamCountry "GER"]

1. e4 e5 2. Nf3 Nf6 3. Nc3 Nc6 4. Bc4 Nxe4 5. Nxe4 d5 6. Bxd5 Qxd5 7. d3 Bg4 8. 0-0 Nd4 9. c4 Qc6 10. Nxe5 Bxd1 11. Nxc6 bxc6 12. Rxd1 Ne2+ 13. Kf1 Nd4 14. b3 Nc2 15. Rb1 Nb4 16. Rb2 Rd8 17. Rbd2 Bd6 18. a3 Bf4 19. axb4 Bxd2 20. Rxd2 0-0 21. b5 cxb5 22. cxb5 Rb8 23. Ba3 Rfe8 24. Rc2 Rxb5 25. Rxc7 Rxb3 26. g3 Rxa3 27. Nd6 Rd8 28. Kg1 Rxd3 29. Nxf7 R3d7 30. Rxa7 Rxa7 31. Nxd8 Rd7 32. Ne6 Rd1+ 33. Kg2 Re1 34. Nf4 h6 35. h4 Kh7 36. Nd3 Rd1 37. Nf4 g5 38. hxg5 hxg5 39. Nh3 Kh6 40. f4 gxf4 41. gxf4 Rd3 42. Nf2 Ra3 43. Ne4 Kg7 44. f5 Kf7 45. f6 Re3 46. Ng5+ Kxf6 47. Nf3 Kf5 48. Nd4+ Ke5 49. Nc2 Re2+ 50. Kh3 Rxc2 51. Kh4 Rg2 52. Kh3 Rg5 53. Kh4 Kf4 54. Kh3 Rg4 55. Kh2 Kf3 56. Kh3 Kf4 57. Kh2 Rg3 58. Kh1 Kf3 59. Kh2 Kf2 60. Kh1 Rh3# 0-1